000 00955pab a2200157 454500
008 180718b2002 xxu||||| |||| 00| 0 eng d
100 _aCzarniawska, Barbara
245 _aRemembering while forgetting: the role of automorphism in city management in Warsaw
260 _c2002
300 _ap.163-73.
362 _aMar-Apr
520 _aThis article summarizes the results of a study of city management in Warsaw. Contrary to the common opinion, the difficulties in effective city management in Warsaw do not stem from its communist past, but from a veneered sedimentation of a rationalist-legalist frame of action. These problems are aggravated by a negative attitude toward imitation of foreign models. This article discusses possibilities for reframing that are created by automorphism, that is, an imitation of the city's invented tradition. - Reproduced.
650 _aLocal government
773 _aPublic Administration Review
909 _a53062
999 _c53062
_d53062